5HLuxD.jpg

KING HENRY VIII SENIOR AND PRIMARY SCHOOL LIBRARY OPAC

Cambridge IGCSE physical education / (Record no. 2523)

000 -LEADER
fixed length control field 01270nam a2200349 i 4500
001 - CONTROL NUMBER
control field 020944145
003 - CONTROL NUMBER IDENTIFIER
control field UkOxU
005 - DATE AND TIME OF LATEST TRANSACTION
control field 20230710074155.0
008 - FIXED-LENGTH DATA ELEMENTS--GENERAL INFORMATION
fixed length control field 161101s2017 enka 000|0|eng|d
020 ## - INTERNATIONAL STANDARD BOOK NUMBER
International Standard Book Number 9780008202163
Qualifying information Student book
035 ## - SYSTEM CONTROL NUMBER
System control number (Uk)018170022
035 ## - SYSTEM CONTROL NUMBER
System control number (StEdALDL)1/3531539
040 ## - CATALOGING SOURCE
Original cataloging agency StDuBDS
Language of cataloging eng
Description conventions rda
Transcribing agency StDuBDS
Modifying agency UkOxU
-- KH8
049 ## - LOCAL HOLDINGS (OCLC)
Holding library CROBAR
082 04 - DEWEY DECIMAL CLASSIFICATION NUMBER
Classification number 796.077 FRA
100 1# - MAIN ENTRY--PERSONAL NAME
Personal name Fraser, Leon,
Relator term author.
245 10 - TITLE STATEMENT
Title Cambridge IGCSE physical education /
Statement of responsibility, etc. Leon Fraser, Gareth Norman and Matthew Brown.
264 #1 - PRODUCTION, PUBLICATION, DISTRIBUTION, MANUFACTURE, AND COPYRIGHT NOTICE
Place of production, publication, distribution, manufacture London :
Name of producer, publisher, distributor, manufacturer Collins,
Date of production, publication, distribution, manufacture, or copyright notice [2017?]
264 #4 - PRODUCTION, PUBLICATION, DISTRIBUTION, MANUFACTURE, AND COPYRIGHT NOTICE
Date of production, publication, distribution, manufacture, or copyright notice ©2017
300 ## - PHYSICAL DESCRIPTION
Extent 2 volumes :
Other physical details illustrations ;
Dimensions 30 cm
336 ## - CONTENT TYPE
Content type term text
Source rdacontent
337 ## - MEDIA TYPE
Media type term unmediated
Source rdamedia
338 ## - CARRIER TYPE
Carrier type term volume
Source rdacarrier
500 ## - GENERAL NOTE
General note "Cambridge International Examinations endorsed for teacher support"--Cover of Teacher guide.
500 ## - GENERAL NOTE
General note "Also for Cambridge IGCSE (9-1)"--Cover.
505 0# - FORMATTED CONTENTS NOTE
Formatted contents note Student book -- Teacher guide.
650 #0 - SUBJECT ADDED ENTRY--TOPICAL TERM
Topical term or geographic name entry element Physical education and training
General subdivision Study and teaching (Secondary)
Geographic subdivision Great Britain.
700 1# - ADDED ENTRY--PERSONAL NAME
Personal name Norman, Gareth,
Relator term author.
700 1# - ADDED ENTRY--PERSONAL NAME
Personal name Brown, Matthew,
Relator term author.
710 2# - ADDED ENTRY--CORPORATE NAME
Corporate name or jurisdiction name as entry element University of Cambridge.
Subordinate unit Local Examinations Syndicate.
-- International Examinations.
942 ## - ADDED ENTRY ELEMENTS (KOHA)
Source of classification or shelving scheme
Koha item type Teaching Resources
Holdings
Withdrawn status Lost status Source of classification or shelving scheme Damaged status Not for loan Collection code Permanent Location Current Location Shelving location Date acquired Full call number Barcode Date last seen Price effective from Koha item type Total Checkouts Date last checked out
          Teaching Resources KH8 Senior School Library KH8 Senior School Library Staff Office 2023-07-10 796.077 FRA TRKHSL000566 2023-07-10 2023-07-10 Teaching Resources    
          Teaching Resources KH8 Senior School Library KH8 Senior School Library Staff Office 2023-07-25 796.077 FRA TRKHSL001261 2023-07-25 2023-07-25 Teaching Resources    
          Teaching Resources KH8 Senior School Library KH8 Senior School Library Staff Office 2023-07-25 796.077 FRA TRKHSL001262 2023-07-25 2023-07-25 Teaching Resources    
          Teaching Resources KH8 Senior School Library KH8 Senior School Library Staff Office 2023-08-16 796.077 FRA TRKHSL002066 2023-08-16 2023-08-16 Teaching Resources    
          Teaching Resources KH8 Senior School Library KH8 Senior School Library Staff Office 2023-08-16 796.077 FRA TRKHSL002067 2023-08-16 2023-08-16 Teaching Resources    
          Teaching Resources KH8 Senior School Library KH8 Senior School Library Staff Office 2023-08-16 796.077 FRA TRKHSL002068 2023-08-16 2023-08-16 Teaching Resources    
          Teaching Resources KH8 Senior School Library KH8 Senior School Library Staff Office 2023-08-16 796.077 FRA TRKHSL002069 2023-08-16 2023-08-16 Teaching Resources    
          Teaching Resources KH8 Senior School Library KH8 Senior School Library Staff Office 2023-08-16 796.077 FRA TRKHSL002073 2025-05-26 2023-08-16 Teaching Resources 1 2024-11-08
          Teaching Resources KH8 Senior School Library KH8 Senior School Library Staff Office 2023-08-16 796.077 FRA TRKHSL002074 2025-05-26 2023-08-16 Teaching Resources 1 2024-11-08
          Teaching Resources KH8 Senior School Library KH8 Senior School Library Staff Office 2024-10-07 796.077 FRA TRKHSL005750 2024-10-07 2024-10-07 Teaching Resources    
          Teaching Resources KH8 Senior School Library KH8 Senior School Library Staff Office 2024-10-26 796.077 FRA TRKHSL005906 2024-10-26 2024-10-26 Teaching Resources    
          Teaching Resources KH8 Senior School Library KH8 Senior School Library Staff Office 2024-10-26 796.077 FRA TRKHSL005907 2024-10-26 2024-10-26 Teaching Resources    
          Teaching Resources KH8 Senior School Library KH8 Senior School Library Staff Office 2024-10-26 796.077 FRA TRKHSL005908 2024-10-26 2024-10-26 Teaching Resources    
          Teaching Resources KH8 Senior School Library KH8 Senior School Library Staff Office 2024-10-26 796.077 FRA TRKHSL005909 2024-10-26 2024-10-26 Teaching Resources    
          Teaching Resources KH8 Senior School Library KH8 Senior School Library Staff Office 2024-10-26 796.077 FRA TRKHSL005910 2024-10-26 2024-10-26 Teaching Resources    
          Non-Fiction KH8 Senior School Library KH8 Senior School Library Non Fiction 2025-02-04 796.077 FRA 3KHSL000102176 2025-02-04 2025-02-04 Books - Non Ficton    
          Teaching Resources KH8 Senior School Library KH8 Senior School Library Staff Office 2025-06-13 796.077 FRA TRKHSL002070 2025-06-13 2025-06-13 Teaching Resources    
          Teaching Resources KH8 Senior School Library KH8 Senior School Library Staff Office 2025-06-25 796.077 FRA TRKHSL006312 2025-06-25 2025-06-25 Teaching Resources    
          Teaching Resources KH8 Senior School Library KH8 Senior School Library Staff Office 2025-08-27 796.077 FRA TRKHSL002071 2025-08-27 2025-08-27 Teaching Resources    
          Teaching Resources KH8 Senior School Library KH8 Senior School Library Staff Office 2025-12-15 796.077 FRA TRKHSL006876 2025-12-15 2025-12-15 Teaching Resources    

Powered By KH8 IT Dept